Southville International School and Colleges
Your cart is empty.
  • Cart
  • Lists
    Public lists Eva Luna New books Lux_list list_1
    Your lists Log in to create your own lists
  • Log in to your account
  • Your cookies
  • Search history
Southville International School and Colleges
  • Advanced search
  • Recent comments
  • Most popular
  • Libraries

Log in to your account

Log in with GOOGLE


If you do not have an external account, but do have a local account, you can still log in:

  1. Home
  2. MARC view: Physics 1 /
Normal view MARC view ISBD view

Physics 1 / (Record no. 20744)

[ view plain ]
MARC details
000 -LEADER
fixed length control field 00548nam a2200205 a 4500
005 - DATE AND TIME OF LATEST TRANSACTION
control field 20140310183249.0
008 - FIXED-LENGTH DATA ELEMENTS--GENERAL INFORMATION
fixed length control field 040922s19uu xx 00 eng d
020 ## - INTERNATIONAL STANDARD BOOK NUMBER
International Standard Book Number 0521787181
050 ## - LIBRARY OF CONGRESS CALL NUMBER
Classification number QC 23
Item number .P578 2002
245 ## - TITLE STATEMENT
Title Physics 1 /
260 ## - PUBLICATION, DISTRIBUTION, ETC. (IMPRINT)
Place of publication, distribution, etc U.S.A :
Name of publisher, distributor, etc Cambridge University Press,
Date of publication, distribution, etc 2002.
300 ## - PHYSICAL DESCRIPTION
Extent 209 p. :
Other physical details col. ill. ;
Dimensions 28 cm.
440 ## - SERIES STATEMENT/ADDED ENTRY--TITLE
Title Advance Sciences
500 ## - GENERAL NOTE
General note Includes glossary and index.
650 ## - SUBJECT ADDED ENTRY--TOPICAL TERM
Topical term or geographic name as entry element Physics.
700 ## - ADDED ENTRY--PERSONAL NAME
Personal name Gibbs, Keith
700 ## - ADDED ENTRY--PERSONAL NAME
Personal name Hutchngs, Robert
942 ## - ADDED ENTRY ELEMENTS (KOHA)
Koha item type Books
Source of classification or shelving scheme Library of Congress Classification
Call number prefix Foreign
Holdings
Withdrawn status Lost status Source of classification or shelving scheme Damaged status Home library Current library Shelving location Date acquired Source of acquisition Cost, normal purchase price Total Checkouts Total Renewals Full call number Barcode Date last seen Date checked out Copy number Price effective from Koha item type
    Library of Congress Classification   College Library College Library General Circulation Section 09/22/2004   1750.00 3 7 QC 23 .P578 2002 C5304 05/15/2018 09/22/2016 1 10/10/2013 Books

Physics 1 /

APA

Gibbs K., Hutchngs R., . (2002). Physics 1. U.S.A: Cambridge University Press.

Chicago

Gibbs Keith, Hutchngs Robert, . 2002. Physics 1. U.S.A: Cambridge University Press.

Harvard

Gibbs K., Hutchngs R., . (2002). Physics 1. U.S.A: Cambridge University Press.

MLA

Gibbs Keith, Hutchngs Robert, . Physics 1. U.S.A: Cambridge University Press. 2002.

  • Place hold
  • Print
  • Cite
  • Add to your cart (remove)
  • Save record
    BIBTEX Dublin Core MARCXML MARC (non-Unicode/MARC-8) MARC (Unicode/UTF-8) MARC (Unicode/UTF-8, Standard) MODS (XML) RIS
  • More searches
    Search for this title in:
    Other Libraries (WorldCat) Other Databases (Google Scholar) Online Stores (Bookfinder.com) Open Library (openlibrary.org)

Exporting to Dublin Core...

SOUTHVILLE LIBRARY

Southville International School and Colleges Library

1281 Tropical Ave. Cor. Luxembourg St., BF Homes International, Las Pinas City

Tel. No. 8256374 / 252358 Loc. 117/146

Powered by Koha